al-Fawakih al-shahiyah fi hall al-manzumah al-musammah bil-qala'id al-burhaniyah lil-Imam Muhammad ibn `Ali ibn Sallum al-Tamimi (1160H-1246H) : dirasah wa-tahqiq /
الفواكه الشهية في حل المنظومة المسماة بالقلائد البرهانية للامام محمد بن علي بن سلوم التميمي (116ه-1246ه) /
Saved in:
| Main Author: | |
|---|---|
| Format: | Thesis Book |
| Language: | Arabic |
| Subjects: | |
| Tags: |
Add Tag
No Tags, Be the first to tag this record!
|
| LEADER | 02145nam a2200409 a 4500 | ||
|---|---|---|---|
| 001 | u577953 | ||
| 003 | SIRSI | ||
| 008 | 950605s2010 my t 000 0 ara m | ||
| 035 | |a ABW-1069 | ||
| 040 | |a UMA |d UMM |e rda | ||
| 041 | 0 | |a ara |b mayeng | |
| 066 | |c (3 | ||
| 090 | |a BP42 |b A1 UMP 2010 Ahm | ||
| 094 | |a BP42 |b A1 UMP 2010 Ahm | ||
| 100 | 1 | |6 880-01 |a Ahmad, `Abd al-Latif ibn Muqbal Muhammad |e author. | |
| 245 | 1 | 3 | |6 880-02 |a al-Fawakih al-shahiyah fi hall al-manzumah al-musammah bil-qala'id al-burhaniyah lil-Imam Muhammad ibn `Ali ibn Sallum al-Tamimi (1160H-1246H) : |b dirasah wa-tahqiq / |c `Abd al-Latif ibn Muqbil Muhammad al-Ahmad. |
| 246 | 1 | 5 | |a Fawakih al-shahiyyah fi hall al-mandhumah al-musammah bil-qalayyid al-burhanyyah (1160H-1246H) : study and verification |
| 264 | 1 | |c 2010. | |
| 264 | 4 | |c 2010. | |
| 300 | |a 350 leaves : |b illustrations ; |c 30 cm. | ||
| 336 | |a text |2 rdacontent | ||
| 337 | |a unmediated |2 rdamedia | ||
| 338 | |a volume |2 rdacarrier | ||
| 500 | |a Text in Arabic, Malay and English abstracts. | ||
| 502 | |a Thesis (Ph.D) -- Jabatan Fiqh dan Usul, Akademi Pengajian Islam, Universiti Malaya, 2010. | ||
| 504 | |a Bibliography: leaves 335-350. | ||
| 600 | 1 | 0 | |a Ibn Sallum, Muhammad ibn `Ali, |d d. 1830 or 31. |
| 650 | 0 | |a Inheritance and succession (Islamic law) | |
| 650 | 0 | |a Islamic law. | |
| 710 | 2 | |a Universiti Malaya. |b Jabatan Fiqh dan Usul. | |
| 880 | 1 | |6 100-01/(3/r |a أحمد، عبد اللطيف بن مقبل محمد. | |
| 880 | 1 | 2 | |6 245-02/(3/r |a الفواكه الشهية في حل المنظومة المسماة بالقلائد البرهانية للامام محمد بن علي بن سلوم التميمي (116ه-1246ه) / |c عبداللطيف بن مقبل محمد الأحمد. |
| 900 | |a JAR | ||
| 596 | |a 1 12 18 | ||
| 999 | |a BP42 A1 UMP 2010 AHM |w LC |c 1 |i A513480746 |d 5/2/2018 |e 5/2/2018 |f 19/11/2010 |g 1 |l STACKS |m P12ISLAMKL |n 1 |r Y |s Y |t TESIS |u 19/11/2010 | ||
| 999 | |a BP42 A1 UMP 2010 AHM |w LC |c 1 |i A514482981 |d 23/12/2013 |e 23/12/2013 |f 16/5/2011 |g 1 |l STACKS |m P01UTAMA |n 1 |r Y |s Y |t TESIS |u 13/5/2011 | ||
| 999 | |a BP42 A1 UMP 2010 AHM |w LC |c 1 |i A514674350 |l RESERVES |m P18ISLPURI |r Y |s Y |t TESIS |u 2/11/2011 | ||
